La poésie contemporaine de langue francaise depuis 1945
Guardado en:
| Hovedforfatter: | |
|---|---|
| Format: | Bog |
| Sprog: | Undetermined |
| Udgivet: |
París, Francia
Saint-Germain-Des Prés
1973
|
| Fag: | |
| Tags: |
Tilføj Tag
Ingen Tags, Vær først til at tagge denne postø!
|
MARC
| LEADER | 00000nam a2200000Ia 4500 | ||
|---|---|---|---|
| 008 | 170316s9999 xx 000 0 und d | ||
| 040 | |a cru BVZT | ||
| 090 | |a A-840 B-7p | ||
| 100 | |a Brindeau, Serge | ||
| 245 | |a La poésie contemporaine de langue francaise depuis 1945 | ||
| 260 | |a París, Francia | ||
| 260 | |b Saint-Germain-Des Prés | ||
| 260 | |c 1973 | ||
| 300 | |a 927 páginas | ||
| 650 | |a LITERATURA FRANCESA | ||
| 999 | |c 12401 |d 12401 | ||
| 942 | |c 15 D |h A-840 B-7p |2 z | ||
